[Event "Kiev Independence Cup-A 6th"]
[Site "Kiev"]
[Date "2006.08.20"]
[Round "8"]
[White "Borzov, Dmitri"]
[Black "Moiseev, Igor"]
[Result "1-0"]
[WhiteElo "2201"]
[BlackElo "2246"]
[PlyCount "122"]
[EventDate "2006.08.13"]
[EventType "swiss"]
[EventRounds "11"]
[EventCountry "UKR"]
[SourceTitle "CBM 113 Extra"]
[Source "ChessBase"]
[SourceDate "2006.09.14"]
[SourceVersion "1"]
[SourceVersionDate "2006.09.14"]
[SourceQuality "1"]

1. d4 d5 2. c4 e6 3. Nc3 a6 4. cxd5 exd5 5. Nf3 Be7 6. Bf4 Nf6 7. e3 0-0 8. Bd3 Bg4 9. h3 Bxf3 10. Qxf3 c6 11. 0-0 Re8 12. Rad1 Nbd7 13. Rfe1 Qb6 14. Re2 Bf8 15. g4 Qa5 16. g5 Ne4 17. Nxe4 dxe4 18. Bxe4 Qxa2 19. Bf5 Qb3 20. Rc1 Nb6 21. h4 g6 22. Bb1 Rad8 23. Kg2 Qb5 24. Be5 Rxe5 25. dxe5 Qxe5 26. Ba2 Nd5 27. Rd1 Bb4 28. Bxd5 cxd5 29. Rd4 Ba5 30. Rf4 Rd7 31. b4 Bb6 32. Rd2 Kg7 33. Qg4 Re7 34. h5 Rc7 35. Qh4 Rc1 36. hxg6 hxg6 37. Qh6+ Kg8 38. Rh4 Rc4 39. Qh7+ Kf8 40. Qh8+ Qxh8 41. Rxh8+ Kg7 42. Rb8 Rxb4 43. Rxd5 Bc7 44. Rc8 Bb6 45. Kf3 a5 46. Rd7 Rb5 47. Rxb7 Rf5+ 48. Ke2 Bc5 49. Rb5 Be7 50. Rxf5 gxf5 51. f4 a4 52. Ra8 a3 53. Ra6 Bc5 54. Kd3 Be7 55. Kd4 Bb4 56. Ke5 Bc5 57. Kxf5 Bxe3 58. Rxa3 Bc1 59. Ra7 Kf8 60. Rb7 Bd2 61. Kg4 Bc3 1-0